00604nam a22002057a 4500003001100000005001700011008004100028020001500069040003900084041000800123082001700131100002000148245003000168260003700198650001900235650003000254942000700284952009200291999001500383LK-CoMWRAF20230909094340.0230909b1997 |||||||| |||| 00| 0 eng d a0760741042 aLK-CoMWRAFdLK-CoMWRAFeLK-CoMWRAF aeng a248.843bSNY a Snyder, Rachel aWords of wisdom for women aU. S. A. bBarnes & noble,c2003 aReligion-Women aChristian Life - General  cBK 00104070aMAINbMAINd2023-09-09l0o248.843 SNYpRAF1008r2023-09-09w2023-09-09yBK c3515d3515